[Event "Online Olym Div4 C"]
[Site "Chess.com INT"]
[Date "2020.07.31"]
[Round "3.2"]
[White "Maher, Musa"]
[Black "Taleb Mohamed, Ahmed"]
[Result "1/2-1/2"]
[WhiteElo "1930"]
[BlackElo "1950"]
[PlyCount "98"]
[EventDate "2020.07.31"]
[EventType "team-tourn (rapid)"]
[EventRounds "9"]
[EventCountry "USA"]
[SourceTitle "CBM 198"]
[Source "ChessBase"]
[SourceDate "2020.10.31"]
[SourceVersion "1"]
[SourceVersionDate "2020.10.31"]
[SourceQuality "1"]
[WhiteTeam "Sudan"]
[BlackTeam "Mauritania"]
[WhiteTeamCountry "SUD"]
[BlackTeamCountry "MAU"]

1. e4 d5 2. exd5 Nf6 3. d4 Nxd5 4. c4 Nf6 5. Nc3 g6 6. g3 Bg7 7. Bg2 0-0 8. Nge2 c6 9. 0-0 Bg4 10. h3 Bxe2 11. Nxe2 Qb6 12. Rb1 a5 13. Be3 Qa6 14. Qc2 Nbd7 15. a3 Rac8 16. b4 b5 17. c5 Rfd8 18. Rfd1 e6 19. Nc3 Nd5 20. Nxd5 exd5 21. Re1 Re8 22. Qd2 a4 23. h4 f5 24. Bf4 Nf6 25. Be5 Qa8 26. Qg5 Re6 27. Re2 Rce8 28. Rbe1 Qb7 29. f4 Qe7 30. Bf3 Ne4 31. Qxe7 R8xe7 32. Bxe4 fxe4 33. Bxg7 Kxg7 34. Kf2 Kf6 35. Ke3 Kf5 36. Rh2 Kg4 37. Rg1 Kf5 38. h5 g5 39. h6 Rg6 40. g4+ Kf6 41. f5 Rg8 42. Rf1 Rf7 43. Rh5 Re7 44. Rh2 Rf7 45. Rg1 Re7 46. Rh5 Rf7 47. Rf1 Re7 48. Rg1 Rd7 49. Rh2 Re7 1/2-1/2